Famous Ukrainians by Picture - Statistics

General Stats
  • This quiz has been taken 87 times
  • The average score is 6 of 16
Answer Stats
Picture Hint Answer % Correct
1978– Volodymyr Zelenskyy
93%
1976– Andriy Shevchenko
66%
1814–1861 Taras Shevchenko
66%
1996– Oleksandr Zinchenko
46%
1971– Vitali Klitschko
45%
1987– Oleksandr Usyk
37%
1963– Sergey Bubka
35%
1909–1959 Stepan Bandera
35%
1960– Yulia Tymoshenko
31%
1973– Ruslana
27%
1871–1913 Lesya Ukrainka
24%
1983– Jamala
23%
1973– Verka Serduchka
23%
1973– Valerii Zaluzhnyi
18%
1939–2002 Valeriy Lobanovskyi
11%
1977– Oksana Baiul
1%
No matching quizzes found
Score Distribution
Percent of People with Each Score
Percentile by Number Answered
Your Score History
You have not taken this quiz